| 000 | 00725nam a2200217 i 4500 | ||
|---|---|---|---|
| 001 | 125247 | ||
| 003 | ES-MaACL | ||
| 005 | 20250825062604.0 | ||
| 007 | t| | ||
| 008 | 070508s1927 sp |||| | spa d | ||
| 080 | _a821.134.2-22"19" | ||
| 100 | 1 |
_aBenavente, Jacinto, _d1866-1954 _927443 |
|
| 245 | 1 | 3 |
_aLa propia estimación _b: comedia en tres actos y en prosa / _cJacinto Benavente ;. |
| 260 |
_aMadrid : _bPrensa Moderna, _c1927. |
||
| 300 |
_a55 p. ; _c17 cm. |
||
| 490 | 1 |
_aEl Teatro moderno ; _v99 |
|
| 500 | _aEstrenada en el Teatro de la Comedia, de Madrid, el 22 de diciembre de 1915. | ||
| 830 | 0 | 3 |
_aEl teatro moderno (Prensa Moderna) _v99 _9182365 |
| 852 |
_aES-MaACL _j2224-F-1 |
||
| 999 |
_c125247 _d125247 |
||